000 00581nam a2200193 a 4500
005 20210223125328.0
008 040305s1994 ag r 000 0 spa d
020 _a9507243941
035 _aUPN01000132526
049 _aCG
050 4 _aHV40.54
_bA3.4
100 1 _aAguilar Idáñez, María José
_928676
245 1 0 _aIntroducción a la supervisión /
_cMaría José Aguilar Idáñez.
260 _aBuenos Aires :
_bLumen,
_cc1994.
300 _a174 p.
440 0 _aPolítica, servicios y trabajo social
650 4 _aSUPERVISION DE TRABAJADORES SOCIALES
905 _aLibro
999 _c104680
_d104680